| 000 | 01288cam a22003734i 4500 | ||
|---|---|---|---|
| 999 |
_c954 _d954 |
||
| 001 | 18221512 | ||
| 003 | GZU | ||
| 005 | 20200916160500.0 | ||
| 008 | 140711s2015 enk b 001 0 eng | ||
| 010 | _a 2014021761 | ||
| 020 | _a9781845414733 (hardback : alk. paper) | ||
| 020 | _a9781845414726 (pbk. : alk. paper) | ||
| 020 | _a9781845414740 (pdf) | ||
| 040 |
_aDLC _beng _cDLC _erda _dDLC |
||
| 042 | _apcc | ||
| 050 | 0 | 0 |
_aG155.A1 _bT589342 2015 |
| 082 | 0 | 0 |
_a338.4/791 _223 |
| 245 | 0 | 0 |
_aTourism and development : _bconcepts and issues / _cedited by Richard Sharpley and David J. Telfer. |
| 250 | _aSecond edition. | ||
| 264 | 1 |
_aBristol ; _aBuffalo : _bChannel View Pulications, _c[2015] |
|
| 300 |
_axxii, 546 pages ; _c24 cm. |
||
| 336 |
_atext _2rdacontent |
||
| 337 |
_aunmediated _2rdamedia |
||
| 338 |
_avolume _2rdacarrier |
||
| 490 | 0 |
_aAspects of tourism : _vv. 63. |
|
| 504 | _aIncludes bibliographical references (p. 469-540) and index. | ||
| 650 | 0 | _aTourism. | |
| 650 | 0 | _aEconomic development. | |
| 700 | 1 |
_aSharpley, Richard, _d1956- |
|
| 700 | 1 | _aTelfer, David J. | |
| 906 |
_a7 _bcbc _corignew _d1 _eecip _f20 _gy-gencatlg |
||
| 942 |
_2lcc _cBK _e2nd ed. _h155 _iSHA _kG |
||